000 00463nam a2200193Ia 4500
005 20240823014439.0
008 240823s9999||||xx |||||||||||||| ||und||
020 _a81-219-1667-4
041 _aENGLISH
082 _A620.106 P4
100 _aRajput R K
245 0 _aFluid Mechanics
250 _a2nd
260 _c2004
_bS chand New D
_aNew Delhi
500 _aYES
650 _aFluid Mechanics
_bAeronautical Engineering
942 _cBK
999 _c170111
_d170111